Responses for show #3596 - Monday, April 3, 2000

Contestants

Bob Lahr, a franchise owner from St. Cloud, Minnesota

Brian Goss, a network administrator originally from Oakland, New Jersey

Alissa Morel, a student originally from Pomona, New York (whose 1-day cash winnings total $7,800)

Jeopardy! Round responses

THE HISTORY CHANNEL
2 FIRST NAMES?
NATIONAL ANTHEMS
(Alex: You have to identify the country.)
FILTHY RICH
CLASSIC MOVIE LINES
(Alex: You have to name the film.)
E BEFORE I
    $100 6
Golden Gate Bridge

Brian
    $100 8
Elton John

Alissa
    $100 16
South Africa

Brian
    $100 21
Bill Gates

Alissa
    $100 1
Psycho

Bob
    $100 22
(we have about a minute to go...)

Sleigh

Bob
    $200 7
Ulysses S. Grant

Alissa
    $200 9
Jason Alexander

Alissa
    $200 17
Italy

Brian
    $200 23
Wal-Mart

Bob
    $200 2
Some Like it Hot

Alissa
    $200 27
Veil

Alissa
    $300 13
The Alamo

Bob
    $300 10
Martin Lawrence

Alissa
    $300 18
(Bob: What is Germany?)
(A: What is Norway?)
(Brian: What is Denmark?)

Austria

AlissaBrianBob
Triple Stumper
    $300 24
Polo

Alissa
    $300 3
Patton

Bob
    $300 28
Sheik

Alissa
    $400 14
Roger Mudd

Brian
    $400 11
Lauren Holly

Bob
    $400 19
Hungary

Triple Stumper
    $400 25
Jimi Hendrix

Alissa
    $400 4
(Bob: [No response])

Monty Python and the Holy Grail

Bob
    $400 29
(buzzer sounds)

"The Aeneid"

Alissa
    $500 15
1961

Triple Stumper
    $500 12
Peter Gabriel

Brian
    $500 20
Chad

Triple Stumper
    $500 26
Michael Dell

Triple Stumper
    $500 5
A Day at the Races

Triple Stumper

Scores at the first commercial break (after clue 13):

Alissa Brian Bob
$1,000 $600 $700

Scores at the end of the Jeopardy! Round:

Alissa Brian Bob
$2,400 $1,000 $700

Double Jeopardy! Round responses

AMERICAN SHORT STORIES
VOGUE'S CENTURY OF FASHION
(Alex: Vogue, the magazine.)
SNL ALUMNI
ISLAND GROUPS
SPEECH! SPEECH!
(Alex: You have to name the person who spoke.)
"G" WHIZ
    $200 8
Rue Morgue

Triple Stumper
    $200 6
Bustier/corset

Alissa
    $200 1
Chevy Chase

Alissa
    $200 13
Spice Islands

Bob
    $200 18
Good Friday

Bob
    $400 9
"The Red Pony"

Alissa
    $400 7
Kaftan

Triple Stumper
    $400 2
Adam Sandler

Alissa
    $400 14
Antilles

Alissa
    $400 19
Guadalajara

Bob
    $600 10
The tiger

Triple Stumper
    $600 3
Joe Piscopo

Bob
    $600 15
Indian Ocean

Brian
    $800 23
(Brian: I can't think of his name!)

Cesar Chavez

Brian
    $600 20
Gomorrah

Brian
    $1,400 11
(A: I don't know.)

"The Man Without a Country" (Philip Nolan)

Alissa
    $800 4
Garrett Morris

Alissa
    $800 16
Bismarck Archipelago

Triple Stumper
    $800 24
(Brian: Who is Harry Truman?)

Douglas MacArthur

BrianBob
    $800 21
(A: What is Grover?)
(we have a minute to go...)

Grover's Corners

Alissa
Triple Stumper
    $1000 12
Dorothy Parker

Triple Stumper
    $1000 5
Julia Sweeney

Alissa
    $1000 17
(Brian: What is Micronesia?)

Marshall Islands

Brian
Triple Stumper
    $1000 25
[The end-of-round signal sounds.]

Newton Minow

Triple Stumper
    $1000 22
Grebe

Triple Stumper

Scores at the end of the Double Jeopardy! Round:

Alissa Brian Bob
$3,600 -$400 $2,900

[wagering suggestions for these scores]

Final Jeopardy! Round responses

TECHNOLOGY
BobWhat is the Vatican?
$1,100
AlissaWhat is the Vatican?
$2,200
Vatican City

Final scores:

Alissa Brian Bob
$5,800 -$400 $4,000
2-day champion: $13,600 3rd place: Lobster Gram Gift Certificate 2nd place: Trip to Kona, Hawaii

Game dynamics:

Coryat scores:

Alissa Brian Bob
$5,000 $400 $3,300
18 R,
3 W
(including 1 DD)
7 R,
4 W
(including 1 DD)
11 R,
2 W
(including 1 DD)

Combined Coryat: $8,700

The J! Archive is created by fans, for fans. The Jeopardy! game show and all elements thereof, including but not limited to copyright and trademark thereto, are the property of Jeopardy Productions, Inc. and are protected under law. This website is not affiliated with, sponsored by, or operated by Jeopardy Productions, Inc. Join the discussion at JBoard.tv.